Central Library OPAC University of Rajshahi

রবীন্দ্র-সাহিত্য নারী : (Record no. 77900)

MARC details
000 -LEADER
fixed length control field 01877nam a2200301 a 4500
001 - CONTROL NUMBER
control field 77900
003 - CONTROL NUMBER IDENTIFIER
rucl marc code BD-RjUL
005 - DATE AND TIME OF LATEST TRANSACTION
control field 20211209083048.0
008 - FIXED-LENGTH DATA ELEMENTS--GENERAL INFORMATION
fixed length control field 210208s2014 bg ||||| m||| 00| 0 ben d
035 ## - SYSTEM CONTROL NUMBER
System control number (BD-RjUL)78126
040 ## - CATALOGING SOURCE
Original cataloging agency BD-RjUL
Language of cataloging ben /eng
Transcribing agency BD-RjUL
Modifying agency BD-RjUL
041 ## - LANGUAGE CODE
Language code of text/sound track or separate title ben
082 ## - DEWEY DECIMAL CLASSIFICATION NUMBER
Classification number 891.4409
Author mark and year BER 2014
Edition number 23
100 ## - MAIN ENTRY--PERSONAL NAME
Personal name বেগম, নাজনীন
9 (RLIN) 244567
245 10 - TITLE STATEMENT
Title রবীন্দ্র-সাহিত্য নারী :
Remainder of title আর্থ সামাজিক বিবেচনা /
Statement of responsibility, etc. নাজনীন বেগম ;
Linkage তত্ত্বাবধায়ক : স্বরোচিষ সরকার
260 ## - PUBLICATION, DISTRIBUTION, ETC. (IMPRINT)
Place of publication, distribution, etc. রাজশাহী :
Name of publisher, distributor, etc. ইনস্টিটিউট অব বাংলাদেশ স্টাডিজ, রাজশাহী বিশ্ববিদ্যালয়,
Date of publication, distribution, etc. ২০১৪
300 ## - PHYSICAL DESCRIPTION
Pagination vii, ২৩৩ পাতা;
Size ২৯ সেমি.
502 ## - DISSERTATION NOTE
Dissertation note থিসিস (পিএইচ. ডি.) -- ইনস্টিটিউট অব বাংলাদেশ স্টাডিজ, রাজশাহী বিশ্ববিদ্যালয়, ২০১৪
504 ## - BIBLIOGRAPHY, ETC. NOTE
Bibliography, etc গ্রন্থপঞ্জি : পাতা ২৩০-২৩৩
600 ## - SUBJECT ADDED ENTRY--PERSONAL NAME
Personal name ঠাকুর, রবীন্দ্রনাথ,
Dates associated with a name --১৮৬১-১৯৪১
General subdivision সমালোচনা ও ব্যাখা
Personal name Tagore, Rabindranath,
Dates associated with a name --1861-1941
General subdivision Criticism and interpretation
650 ## - SUBJECT ADDED ENTRY--TOPICAL TERM
Topical term or geographic name as entry element বাংলা সাহিত্য
General subdivision ইতিহাস ও সমালোচনা
9 (RLIN) 244570
Topical term or geographic name as entry element Bengali literature
General subdivision History & Criticism
9 (RLIN) 244571
Topical term or geographic name as entry element সাহিত্যে নারী
9 (RLIN) 244612
Topical term or geographic name as entry element Women in literature
9 (RLIN) 244613
700 ## - ADDED ENTRY--PERSONAL NAME
Personal name সরকার, স্বরোচিষ, তত্ত্বাবধায়ক
942 ## - ADDED ENTRY ELEMENTS (KOHA)
Source of classification or shelving scheme Dewey Decimal Classification
Koha item type Theses
Holdings
Lost status Source of classification or shelving scheme Damaged status Not for loan Collection code Permanent Location Current Location Shelving location Date acquired Source of acquisition Total Checkouts Full call number Date last seen Copy number Koha item type
  Dewey Decimal Classification   Not For Loan Theses Central Library, University of Rajshahi Central Library, University of Rajshahi Documentation Section 21/12/2014 Controller of Exam., R.U   BTHE 891.4409 BER 2014 08/02/2021 C-1 Theses